000 00464nam a2200157 i 4500
001 183744
003 ES-MaACL
005 20230906221949.0
008 141008s1840 xxk |||| | eng d
110 2 _aRoyal Society (Great Britain) .
_9155682
245 1 0 _aStatutes of the Royal Society, 1840.
260 _aLondon :
_b[Royal Society],
_c1840.
300 _a26 p. ;
_c20 cm.
610 2 4 _aRoyal Society (Great Britain)
_9155682
852 4 _aES-MaACL
_jT-16-F-7
999 _c183744
_d183744